logo

Bir Sreshtho Munshi Abdur Rouf Library
Jhenaidah Cadet College

দ্য বিট্রেয়াল অভ ইস্ট পাকিস্তান / (Record no. 11949)

MARC details
000 -LEADER
fixed length control field 00907nam a2200229 a 4500
001 - CONTROL NUMBER
JCCL Control Number 11949
003 - CONTROL NUMBER IDENTIFIER
JCCL marc code BD-JhCC
005 - DATE AND TIME OF LATEST TRANSACTION
control field 20220307134020.0
008 - FIXED-LENGTH DATA ELEMENTS--GENERAL INFORMATION
fixed length control field 210222b20172020bg |||| ||a| 000 0 ben d
035 ## - SYSTEM CONTROL NUMBER
system control number (BD-JhCC)11949
040 ## - CATALOGING SOURCE
Original cataloging agency BD-JhCC
Modifying agency BD-JhCC
041 ## - LANGUAGE CODE
Language code of Book eng
082 ## - DEWEY DECIMAL CLASSIFICATION NUMBER
Classification number 954.9205
Author mark and Year NIA 2020
100 ## - MAIN ENTRY--PERSONAL NAME
Personal name নিয়াজি,এ.এ.কে.
245 ## - TITLE STATEMENT
Title দ্য বিট্রেয়াল অভ ইস্ট পাকিস্তান /
Statement of responsibility, etc এ.এ.কে.নিয়াজি অনুবাদ ডা: মিজানুর রহমান কল্লোল
260 ## - PUBLICATION, DISTRIBUTION, ETC. (IMPRINT)
Place of publication, distribution, etc বাংলাদেশ:
Name of publisher, distributor, etc অনন্যা, ঢাকা;
Date of publication, distribution, etc ২০২০.
300 ## - PHYSICAL DESCRIPTION
Pagination 382. :
Dimensions 22 cm.
650 ## - SUBJECT ADDED ENTRY--TOPICAL TERM
Topical term or geographic name as entry element বাংলাদেশের মুক্তিযুদ্ধ
700 ## - ADDED ENTRY--PERSONAL NAME
Personal name কল্লোল,মিজানুর রহমান
942 ## - ADDED ENTRY ELEMENTS (KOHA)
Source of classification or shelving scheme Dewey Decimal Classification
Koha item type Books
Koha issues (borrowed), all copies 4
Holdings
Source of classification or shelving scheme Damaged status Not for loan Home library Current library Date of accession Cost, normal purchase price Total Checkouts Full call number Barcode Date last seen Date checked out Copy number Koha item type
Dewey Decimal Classification     JCC Rouf Library JCC Rouf Library 02/22/2021 225.00 2 954.9205 NIA 2020 16515 03/28/2022 03/06/2022 C-1 Books

JCC Library | Contacts | JCC Home

Last Update on 23 September 2017
Copyright @ 2017-2020 JCC Rouf Library
Rouf Library, Jhenidah Cadet College (JCC), Bangladesh